00727 a2200169 45000010006000000050017000060080041000230030015000640400040000790800032001192450033001512500012001842640051001963000019002475050276002661000015005425722820260407155835.0260407a1956 arg spa dAR-UNSa-BCEJYS aAR-UNSa-BCEJYSbspacAR-UNSa-BCEJYS a94:33xHistoria económica10aHistoria económica general a2a. ed. 1aMéxico :bFondo de Cultura Económicac1956 a331 p.c21 cm. aI. Unidad doméstica, linaje aldea y dominio señorial (organización agraria) – II. Industria y minería hasta la eclosión del capitalismo – III. Operaciones con mercancías y con dinero en la época precapitalista – IV. El origen del capitalismo moderno. 1 aWeber, Max